000
00273nam a22001097a 4500
008
160426b xxu||||| |||| 00| 0 eng d
020
_a
9780323069533
041
_a
eng
080
_a
618.2
245
_a
Kontemporary nursing;
_c
Barbara cherry; Susan R. Jacob;
942
_2
udc
_c
BK
999
_c
1594
_d
1594